Vở bài tập lịch sử 5
v.v...
Đã lưu trong:
| Tác giả chính: | |
|---|---|
| Định dạng: | Sách |
| Năm xuất bản: |
H.
Giáo dục
2006
|
| Chủ đề: | |
| Tags: |
Thêm thẻ
Không có thẻ, Hãy là người đầu tiên gắn thẻ bản ghi này!
|
| LEADER | 01553nam a2200253 4500 | ||
|---|---|---|---|
| 999 | |c 11217 |d 11217 | ||
| 082 | |a 372.89 |b V460b. | ||
| 100 | |a Nguyễn Hữu Chí | ||
| 245 | |a Vở bài tập lịch sử 5 |c Nguyễn Hữu Chí, Trần Viết Lưu | ||
| 260 | |a H. |b Giáo dục |c 2006 | ||
| 300 | |a 48 tr. |c 24 cm. | ||
| 520 | |a v.v... | ||
| 653 | |a Giáo dục tiểu học | ||
| 653 | |a Lịch sử | ||
| 653 | |a Lớp 5 | ||
| 653 | |a Bài tập | ||
| 942 | |2 ddc |c STK0 | ||
| 952 | |0 0 |1 0 |2 ddc |4 0 |6 372_890000000000000_V460B |7 0 |8 300 |9 96309 |a qbu |b qbu |c D2 |d 2015-09-30 |g 2300 |o 372.89 V460b. |p 10991.c1 |r 0000-00-00 |w 2015-09-30 |y STK0 | ||
| 952 | |0 0 |1 0 |2 ddc |4 0 |6 372_890000000000000_V460B |7 0 |8 300 |9 96310 |a qbu |b qbu |c D2 |d 2015-09-30 |g 2300 |o 372.89 V460b. |p 10991.c2 |r 0000-00-00 |w 2015-09-30 |y STK0 | ||
| 952 | |0 0 |1 0 |2 ddc |4 0 |6 372_890000000000000_V460B |7 0 |8 300 |9 96311 |a qbu |b qbu |c D2 |d 2015-09-30 |g 2300 |o 372.89 V460b. |p 10991.c3 |r 0000-00-00 |w 2015-09-30 |y STK0 | ||
| 952 | |0 0 |1 0 |2 ddc |4 0 |6 372_890000000000000_V460B |7 0 |8 300 |9 96312 |a qbu |b qbu |c D2 |d 2015-09-30 |g 2300 |o 372.89 V460b. |p 10991.c4 |r 0000-00-00 |w 2015-09-30 |y STK0 | ||
| 952 | |0 0 |1 0 |2 ddc |4 0 |6 372_890000000000000_V460B |7 0 |8 300 |9 96313 |a qbu |b qbu |c D2 |d 2015-09-30 |g 2300 |o 372.89 V460b. |p 10991.c5 |r 0000-00-00 |w 2015-09-30 |y STK0 | ||
| 952 | |0 0 |1 0 |2 ddc |4 0 |6 372_890000000000000_V460B |7 0 |8 300 |9 96314 |a qbu |b qbu |c D2 |d 2015-09-30 |g 2300 |o 372.89 V460b. |p 10991.c6 |r 0000-00-00 |w 2015-09-30 |y STK0 | ||
| 952 | |0 0 |1 0 |2 ddc |4 0 |6 372_890000000000000_V460B |7 0 |8 300 |9 96315 |a qbu |b qbu |c D2 |d 2015-09-30 |g 2300 |o 372.89 V460b. |p 10991.c7 |r 0000-00-00 |w 2015-09-30 |y STK0 | ||